[Event "Barcelona Primavera La Lira op 4th"]
[Site "Barcelona"]
[Date "2011.04.14"]
[Round "3"]
[White "Fernandez Panzano, Jose Juan"]
[Black "Tortosa Moros, Joan"]
[Result "0-1"]
[WhiteElo "1596"]
[BlackElo "1799"]
[PlyCount "52"]
[EventDate "2011.03.31"]
[EventType "swiss"]
[EventRounds "9"]
[EventCountry "ESP"]
[SourceTitle "EXT 2012"]
[Source "ChessBase"]
[SourceDate "2011.11.24"]
[SourceVersion "1"]
[SourceVersionDate "2011.11.24"]
[SourceQuality "1"]

1. e4 c5 2. Nc3 Nc6 3. g3 g6 4. Bg2 Bg7 5. Nge2 Nf6 6. d3 d6 7. 0-0 0-0 8. Bg5 Rb8 9. Qd2 b5 10. Bh6 b4 11. Bxg7 bxc3 12. bxc3 Kxg7 13. Rab1 Rxb1 14. Rxb1 Qa5 15. Rb2 Be6 16. f4 Nd4 17. f5 Nxe2+ 18. Qxe2 Qxc3 19. Rb7 Qa1+ 20. Kf2 gxf5 21. exf5 Bxf5 22. h3 Qd4+ 23. Kf1 Nd5 24. Bxd5 Qxd5 25. Qxe7 Bxh3+ 26. Ke1 Be6 0-1

[Event "Barcelona La Lira Spring op 3rd"]
[Site "Barcelona"]
[Date "2010.04.29"]
[Round "3.13"]
[White "Ramos Alvarez, Maximo"]
[Black "Fernandez Panzano, Jose Juan"]
[Result "1-0"]
[WhiteElo "1871"]
[BlackElo "1612"]
[PlyCount "57"]
[EventDate "2010.04.15"]
[EventType "swiss"]
[EventRounds "8"]
[EventCountry "ESP"]
[SourceTitle "EXT 2024"]
[Source "ChessBase"]
[SourceDate "2023.10.10"]
[SourceVersion "1"]
[SourceVersionDate "2023.10.10"]
[SourceQuality "1"]

1. d4 e6 2. e4 g6 3. Nf3 Bg7 4. Nc3 f5 5. e5 d6 6. Bf4 Qd7 7. Qe2 h6 8. Bd2 Nc6 9. 0-0-0 d5 10. h3 b6 11. g4 fxg4 12. hxg4 Bb7 13. Qd3 Qf7 14. g5 0-0-0 15. Rh4 Nb4 16. Qe2 Qf5 17. Ne1 Ba6 18. Nd3 Nxd3+ 19. cxd3 Qf7 20. Bh3 hxg5 21. Rxh8 Bxh8 22. Bxg5 Rf8 23. f4 Ne7 24. Bxe7 Qxe7 25. Nxd5 Qf7 26. Qc2 Kb7 27. Nb4 Qxf4+ 28. Kb1 Qf3 29. Bg2 1-0